| 000 | 00721cam a2200277 4500 | ||
|---|---|---|---|
| 001 | J93302 | ||
| 008 | 090401t1998 xxu||||| |||| 00| 0 eng d | ||
| 035 | _a(Sirsi) u87871 | ||
| 041 | _aeng | ||
| 050 | _a711.552 | ||
| 110 |
_aColliers Erdman Lewis _93659 |
||
| 245 | _aMidsummer retail report 1998. | ||
| 260 |
_aLondon _bColliers Erdman Lewis _c1998 |
||
| 300 | _a21p. : ill. ; 30cm. | ||
| 350 | _a0 | ||
| 650 | _aFACTORY OUTLETS | ||
| 650 | _aPROPERTY INVESTMENT | ||
| 650 | _aPROPERTY MARKET | ||
| 650 | _aPUBLIC HOUSES | ||
| 650 | _aRENTS | ||
| 650 | _aRETAIL PROPERTY | ||
| 650 | _aSHOPPING CENTRES | ||
| 690 | _aPROPERTY-COMMERCIAL PROPERTY-RETAIL PROPERTY | ||
| 942 | _n0 | ||
| 948 | _c05/08/1998 | ||
| 999 |
_c97275 _d97275 |
||